• 首页
  • 本馆介绍
  • 公告通知
  • 最新文献
  • 馆藏检索
  • 电子资源
  • 读者导购
  • 参考咨询
  • 我的图书馆
  • 登录
  • 详细信息显示
  • 放入我的书架
  • 预约/预借图书
  • 作者相关作品
  • 分类相关作品
  • 丛书相关作品
  • 出版社相关作品

书目信息

  • 表格格式
  • 工作单格式
  • 卡片格式
题名:
煤化学与煤质分析
    
 
作者: 解维伟 编著
分册:  
出版信息: 北京   冶金工业出版社  2012
页数: 227页
开本: 26cm
丛书名: 煤炭分选加工技术丛书
单 册:
中图分类: TQ530 , TQ533
科图分类:
主题词: 煤--应用化学 , 煤质分析
电子资源:
ISBN: 978-7-5024-5838-6
000 00850oam2 2200277 45
001 1338814891
005 20130514152258.53
010    @a978-7-5024-5838-6@dCNY42.00
100    @a20130108d2012 em y0chiy50 ea
101 0  @achi
102    @aCN@b110000
105    @aa z 000yy
106    @ar
200 1  @a煤化学与煤质分析@AMei Hua Xue Yu Mei Zhi Fen Xi@f解维伟编著@FJie Wei Wei Bian Zhu
210    @a北京@c冶金工业出版社@d2012
215    @a227页@c图@d26cm
225 2  @a煤炭分选加工技术丛书
330    @a本书分为煤的生成、基础煤岩学、煤的结构、煤样的采取与制备、工业分析与元素分析等8章。
461  0 @12001 @a煤炭分选加工技术丛书
606 0  @a煤@x应用化学
606 0  @a煤质分析
690    @aTQ530@v5
690    @aTQ533@v5
701  0 @a解维伟@AJie Wei Wei@4编著
801    @aCN@bTANGWEI@c20130108
905    @b0819808-12@dTQ530@e43@f5
    
    煤化学与煤质分析/解维伟编著.-北京:冶金工业出版社,2012
    227页:图;26cm.-(煤炭分选加工技术丛书)
    
    
    ISBN 978-7-5024-5838-6:CNY42.00
    本书分为煤的生成、基础煤岩学、煤的结构、煤样的采取与制备、工业分析与元素分析等8章。
●
相关链接 在E读中查询图书 在五车中查询图书 在当当中查询图书 在豆瓣中查询图书


正题名:煤化学与煤质分析     索取号:TQ530/43         预约/预借

序号 登录号 条形码 馆藏地/架位号 状态 备注
1 0819808   208198083   第二样本阅览室/ [索取号:TQ530/43] 在馆    
2 0819809   208198092   第三借阅区/ [索取号:TQ530/43] 在馆    
3 0819810   208198109   第三借阅区/ [索取号:TQ530/43] 在馆    
4 0819811   208198118   第三借阅区/ [索取号:TQ530/43] 在馆    
5 0819812   208198127   第三借阅区/ [索取号:TQ530/43] 在馆    
唐山师范学院图书馆 欢迎您!
大连网信软件有限公司© 版权所有